000 00486nam a22001937a 4500
003 MPLRDC
005 20220104143122.0
008 210129b ||||| |||| 00| 0 eng d
020 _a981-04-1314-9
082 _a857.63 QY v.57
100 _a琼瑶
245 _a还珠格格五之一风云再起
_c
250 _a初版一刷
260 _a
_b皇冠出版社
_c1999
300 _b
490 _a琼瑶全集. 57
650 _a短篇小说--别集
942 _cBK
_o857.63 QY v.57
999 _c36805
_d36795